Datum a čas kvízu
40
Celkem bodů
Celkový počet nahraných bodů na tomto kvízu bez doplňovacích otázek.
4.
Pořadí na kvízu
Konečné umístění týmu na tomto kvízu.
Zaznamenané odpovědi
| # | Otázka | Odpověď | Body | Výsledky |
|---|---|---|---|---|
| 1. | Od minulého týdne až do 15. ří... | rod Přemyslovců | 1 | |
| 2. | Dva zkušení borci, 66letý Joha... | traktory | 0 | |
| 3. | Plaketu věnovanou které filmov... | Otíkovi | 1 | |
| 4. | Nizozemská firma Organoid Comp... | C) Tyrannosaura rexe | 0 | |
| 5. | Spor USA s Íránem může mít kro... | Itálií | 1 | |
| 6. | Vědci v minulosti několikrát t... | D) | 0 | |
| 7. | Světová zdravotnická organizac... | o Gruzii | 1 | |
| 8. | V červenci 2025 Senát schválil... | 3 (2 a 4 za půl bodu) | 1 | |
| 9. | Na které z fotografií se nachá... | A) | 1 | |
| 10. | Tinktura z opia se v minulosti... | laudanum | 1 |